<?xml version="1.0" encoding="UTF-8"?>
<collection xmlns="http://www.loc.gov/MARC21/slim">
<record>
  <controlfield tag="001">251668</controlfield>
  <controlfield tag="005">20251114173332.0</controlfield>
  <datafield tag="035" ind1=" " ind2=" ">
    <subfield code="a">G:(GEPRIS)223664812</subfield>
  </datafield>
  <datafield tag="024" ind1="7" ind2=" ">
    <subfield code="a">G:(GEPRIS)223664812</subfield>
    <subfield code="d">223664812</subfield>
  </datafield>
  <datafield tag="040" ind1=" " ind2=" ">
    <subfield code="a">GEPRIS</subfield>
    <subfield code="c">http://gepris.its.kfa-juelich.de</subfield>
  </datafield>
  <datafield tag="150" ind1=" " ind2=" ">
    <subfield code="a">Volitionale Dysfunktionen bei alltäglichen Selbstkontrollfehlern und Suchtverhalten (C01)</subfield>
    <subfield code="y">2012 - 2024</subfield>
  </datafield>
  <datafield tag="371" ind1=" " ind2=" ">
    <subfield code="a">Professor Dr. Gerhard Bühringer</subfield>
  </datafield>
  <datafield tag="371" ind1=" " ind2=" ">
    <subfield code="a">Professor Dr. Thomas Goschke</subfield>
  </datafield>
  <datafield tag="371" ind1=" " ind2=" ">
    <subfield code="a">Professor Dr. Michael Smolka</subfield>
  </datafield>
  <datafield tag="371" ind1=" " ind2=" ">
    <subfield code="a">Professor Dr. Hans-Ulrich Wittchen</subfield>
  </datafield>
  <datafield tag="450" ind1=" " ind2=" ">
    <subfield code="a">SFB 940 C01</subfield>
    <subfield code="w">d</subfield>
    <subfield code="y">2012 - 2024</subfield>
  </datafield>
  <datafield tag="510" ind1="1" ind2=" ">
    <subfield code="a">Deutsche Forschungsgemeinschaft</subfield>
    <subfield code="0">I:(DE-588b)2007744-0</subfield>
    <subfield code="b">DFG</subfield>
  </datafield>
  <datafield tag="550" ind1=" " ind2=" ">
    <subfield code="0">G:(GEPRIS)178833530</subfield>
    <subfield code="a">SFB 940: Volition und kognitive Kontrolle: Mechanismen, Modulatoren, Dysfunktionen</subfield>
    <subfield code="w">t</subfield>
  </datafield>
  <datafield tag="680" ind1=" " ind2=" ">
    <subfield code="a">Project C01 untersucht Mechanismen beeinträchtigter Selbstkontrolle bei Verhaltensweisen, die im Konflikt mit langfristigen Zielen stehen (z.B. Drogenkonsum, ungesundes Essverhalten, pathologisches Spielen). Dazu führen wir eine Längsschnittstudie mit einer großen Probandenstichprobe durch, die über 7 Jahre hinweg wiederholt an klinisch-psychologischen Assessments, Messungen kognitiver Kontrollfunktionen, Neuroimaging-Studien und einer Online-Erfassung von Alltagsverhalten teilnimmt. Ziel ist es zu klären, ob kognitive Kontrolldefizite und Dysfunktionen in relevanten Hirnsystemen ein erhöhtes Risiko von alltäglichen Selbstkontrollfehlern, Substanzstörungen und Verhaltenssucht vorhersagen.</subfield>
  </datafield>
  <datafield tag="909" ind1="C" ind2="O">
    <subfield code="o">oai:juser.fz-juelich.de:918270</subfield>
    <subfield code="p">authority:GRANT</subfield>
    <subfield code="p">authority</subfield>
  </datafield>
  <datafield tag="980" ind1=" " ind2=" ">
    <subfield code="a">G</subfield>
  </datafield>
  <datafield tag="980" ind1=" " ind2=" ">
    <subfield code="a">AUTHORITY</subfield>
  </datafield>
  <datafield tag="909" ind1="C" ind2="O">
    <subfield code="o">oai:juser.fz-juelich.de:918270</subfield>
  </datafield>
</record>
</collection>